000 00745cam a2200265 4500
008 090401t1996 xxu||||| |||| 00| 0 eng d
020 _a0406053014
035 _a(Sirsi) u42729
041 _aeng
050 _a346.41064
100 _aPicarda, Hubert
245 4 _aThe law and practice relating to charities. Second edition supplement.
260 _aLondon
_bButterworths
_c1996
300 _a39p. ; 25cm.
350 _a0
520 _aDeals with the Charities (Accounts and Reports) Regulations 1995.
650 _aCHARITABLE TRUSTS
650 _aCHARITIES (ACCOUNTS AND REPORTS) REGULATIONS 1995
650 _aCHARITIES
650 _aCHARITY LAW
650 _aTRUSTS
690 _aLAW
942 _n0
948 _c04/03/1997
999 _c91172
_d91172